00698nam a2200193Ia 4500008004100000020001800041050001800059100003700077245008800114250001100202260002300213300001800236500006700254650001800321650002900339942001200368952010700380999001700487120626s9999 xx 000 0 und d a970-07-4508-204aK115 P68 20031 aPORTE PETIT CANDUADAP, Celestino10aApuntamientos de la parte general de derecho penalcCelestino Porte Petit Candaudap a20a Ed aMéxicobPorrúa a508 páginas aCONTIENE: Advertencias Íntroducción Índice de contenido17aDERECHO PENAL17aDERECHO PENAL - MÉXICO 2ddccLB 00104070a07b07d2008-11-12l3oK115 P68 2003p07 001194r2016-06-11s2016-06-04t1w2012-06-26yLB c66165d66165